Předbřeznové České Budějovice a České muzeum : příspěvek k dějinám 2 českých knihoven /

Hlavní autor: Matouš, František, 1895-1969
Jazyk: Čeština
Vydáno: Praha : [Orbis], 1968
Fyzický popis: S. 177-205
Knihy
Uloženo v:
LEADER 00786nam a2200217 a 4500
001 000612982
003 CZ BrMZK
005 20161026094553.0
007 ta
008 020728s1968 xr f cze d
040 |a BOA001  |b cze  |c BOA001 
041 0 |a cze  |b eng 
100 1 |a Matouš, František,  |d 1895-1969  |7 jk01080756  |4 aut 
245 1 0 |a Předbřeznové České Budějovice a České muzeum :  |b příspěvek k dějinám 2 českých knihoven /  |c František Matouš 
260 |a Praha :  |b [Orbis],  |c 1968 
300 |a S. 177-205 
500 |a Separát z: Sborník Národnío muzea v Praze, Ř.A.Historie, sv.2(1968),č.4 
500 |a Sourn anglicky 
910 |a BOA001  |b X-0830.816 
990 |a BK 
996 6 |b 2619178193  |c X-0830.816  |l MZK  |r Sklad / do 24 hodin  |n 0  |w 000612982  |u 000010  |a 1  |e BOA001  |j MZK50  |s P